00982cam a2200265 a 4500999001500000001000800015003000400023005001700027008004100044010001700085020003500102040001800137050001800155082001900173100003100192245007500223260004300298300002500341504005400366650001700420906004500437942001200482952011000494952011200604 c9982d99823087006OSt20210208102553.0980109s1998 mnu b 000 0 eng  a 98010547  a0800631307 (pbk. : alk. paper) aDLCcDLCdDLC00aBT1102bH174W00a239221bH174W1 aHall, Douglas John,d1928-10aWhy Christian? :bfor those on the edge of faith /cDouglas John Hall. aMinneapolis :bFortress Press,cc1998. aix, 182 p. ;c22 cm. aIncludes bibliographical references (p. 179-182). 0aApologetics. a7bcbccorignewd1eocipf19gy-gencatlg 2ddccBK 00102ddc40708NFICaHMCbHMCcGENd2021-02-18l0o239 H174Wp0114r2021-02-18 00:00:00w2021-02-18yBK 00102ddc40708NFICaHMCbHMCcGENd2021-02-18l0o239 H174Wp012183r2021-03-02 00:00:00w2021-02-18yBK